000 00714nam a2200229 a 4500
005 20230624063736.0
008 030408s1999 ag r 000 0 spa d
020 _a9507241043
035 _aUPN01000123674
049 _aCG
050 4 _aLB1032
_bC3.38
100 1 _aCastilho Pereira, William Cesar
245 1 0 _aDinámica de grupos populares /
_cWilliam Cesar Castilho Pereira ; tr. Pablo Reyes.
260 _aBuenos Aires :
_bLumen,
_cc1999.
300 _a159 p. :
_bil.
440 0 _aPsicología
534 _pTraducción de:
_tDinâmica de grupos populares
650 4 _aTrabajo en grupos (Educación)
_94098
650 4 _aDinámica de grupos
_96712
650 2 _aGrupos sociales
_97125
905 _aLibro
999 _c95853
_d95853